From bonded to industrial labour: precarity, maoism, and ethnicity in a modern industrial factory in western Nepal (Record no. 509712)

000 -LEADER
fixed length control field 00474nam a2200145 4500
008 - FIXED-LENGTH DATA ELEMENTS--GENERAL INFORMATION
fixed length control field 190522b ||||| |||| 00| 0 eng d
100 ## - MAIN ENTRY--PERSONAL NAME
Personal name Hoffmann, Michael Peter
245 ## - TITLE STATEMENT
Title From bonded to industrial labour: precarity, maoism, and ethnicity in a modern industrial factory in western Nepal
260 ## - PUBLICATION, DISTRIBUTION, ETC. (IMPRINT)
Date of publication, distribution, etc 2018
300 ## - PHYSICAL DESCRIPTION
Extent p.1917-1937.
650 ## - SUBJECT ADDED ENTRY--TOPICAL TERM
Topical term or geographic name as entry element Labour - Nepal
9 (RLIN) 5886
773 ## - HOST ITEM ENTRY
Main entry heading Modern Asian Studies
906 ## - LOCAL DATA ELEMENT F, LDF (RLIN)
Subject DIP Bonded labour - Nepal
942 ## - ADDED ENTRY ELEMENTS (KOHA)
Source of classification or shelving scheme
Item type Articles
Holdings
Withdrawn status Lost status Source of classification or shelving scheme Damaged status Not for loan Permanent location Current location Date acquired Serial Enumeration / chronology Barcode Date last seen Koha item type
          Indian Institute of Public Administration Indian Institute of Public Administration 2019-05-22 52(6), Nov, 2018: p.1917-1937. AR119818 2019-05-22 Articles

Powered by Koha